000 00320nam a2200145Ia 4500
100 _aKhurmi/R.S
942 _cBK
654 _aPhysics
245 _aA text book of Mechanical Technology
260 _bS. Chand & co.
_aNew Delhi
_c1987
082 _a621.402
_bKHU
300 _a920
546 _aENGLISH
999 _c28063
_d28063